Nghề văn cũng lắm công phu : Truyện - Tạp văn

Guardat en:
Dades bibliogràfiques
Autor principal: Nguyễn, Khải
Format: Llibre
Idioma:Undetermined
Publicat: Thành phố Hồ Chí Minh Trẻ 2003
Matèries:
Etiquetes: Afegir etiqueta
Sense etiquetes, Sigues el primer a etiquetar aquest registre!
Thư viện lưu trữ: Trung tâm Học liệu Trường Đại học Cần Thơ
LEADER 00611nam a2200217Ia 4500
001 CTU_92988
008 210402s9999 xx 000 0 und d
020 |c 23500 
082 |a 895.9228 
082 |b Kh103 
100 |a Nguyễn, Khải 
245 0 |a Nghề văn cũng lắm công phu : 
245 0 |b Truyện - Tạp văn 
245 0 |c Nguyễn Khải 
260 |a Thành phố Hồ Chí Minh 
260 |b Trẻ 
260 |c 2003 
650 |a Vietnamese literature 
650 |y 20th century 
904 |i Năm, QHieu 
980 |a Trung tâm Học liệu Trường Đại học Cần Thơ